000 00719nam a2200241Ia 4500
003 OSt
005 20220925190253.0
006 a|||||r|||| 00| 0
007 ta
008 220923b |||||||| |||| 00| 0 eng d
037 _cGeneral Book
040 _aRTL
_cRTL
_beng
041 _2eng
_aeng
082 _aY:3(S:512).73.N9, N7
100 _aBecker Gay
_9237897
245 0 _aDistrupted lives
_b How people create meaning in a c
260 _aBerkeley
_bUniversity of California Press
_c1997
300 _axi, 264p
_ccm.
500 _aBibliography: P 241-58
650 _aSociology irt Psychology
942 _hY:3(S:512).73.N9, N7
_cGB
_2CC
999 _c513950
_d513950